1238 1397 1858 1817 1583 1889 1256 1596 1727 1688 1502 1006 1470 1059 1694 1323 1096 1403 1960 1231 1809 1132 1077 1733 1722 1338 1216 1709 1769 1972 1817 1395 1015 1868 1017 1518 1218 1892 1378 1099 1044 1324 1781 1948 1802 1011 1214 1531 1205 1204 1497 1048 1373 1010 1564 1853 1546 1870 1209 1877 1737 1628 1294 1180 1557 1722 1107 1769 1710 1233 1888 1882 1261 1761 1568 1481 1525 1255 1268 1319 1820 1879 1811 1408 1426 1795 1727 1747 1428 1459 1144 1301 1050 1488 1992 1143 1848 1739 1670 BCNSPRNW ULIB Ver.6.0+V

เปลี่ยนเป็นภาษาไทย

Change to English
 แสดงรายละเอียดบรรณานุกรม
  กลับหน้าหลัก

Brief Record : Get Marc (ISO 2709) : E-mail record : QR code < ปิดหน้าต่าง
LEADER : 00000nam a2200000Ia 4500
001    13399125540
003     ULIB
008    170112s2559 th a 000 0 tha d
020    ^a9786164135383
040    ^abrv
060 04 ^aWK270^bค144ม
100 0  ^aคนึงนิจ กิ่งเพชร
245 00 ^aมะเร็งต่อมไทรอยด์ รักษาได้--ไม่สิ้นหวัง /^cผู้เขียน, คนึงนิจ กิ่งเพชร ;ผู้วาดภาพประกอบ, พจนา เกียรติประไพ
250    ^aพิมพ์ครั้งที่ 1
260    ^aกรุงเทพฯ :^bจรัญสนิทวงศ์การพิมพ์,^c2559
300    ^a138 หน้า :^bภาพประกอบ ;^c17 ซม.
650  4 ^aต่อมธัยรอยด์, เนื้องอก
650  4 ^aต่อมธัยรอยด์, เนื้องอก^xการรักษาด้วยรังสี
650  4 ^aต่อมธัยรอยด์, โรค
650  4 ^aต่อมธัยรอยด์, โรค^xการวินิจฉัย
650  4 ^aต่อมไทรอยด์, เนื้องอก
700 0  ^aพจนา เกียรติประไพ,^eผู้วาดภาพประกอบ
945    ^p159^l0^i25216
995    ^aกัณชพร
999    ^aกัณชพร
รายการนี้ยังไม่มีแท็ก
คุณยังไม่ได้ล็อกอิน คุณสามารถมีกิจกรรมร่วมกับเว็บไซต์ได้ แต่ต้องล็อกอินก่อน ::
  ล็อกอิน

รายการสื่อสารสนเทศ

ลำดับที่ ประเภท เลขเรียก/บาร์โค้ด สถานที่ สถานะ
1. หนังสือสำรอง
หนังสือสำรอง
WK270 ค144ม ฉ.1 
  Barcode: 25216
ห้องสมุดวิทยาเขตนครสวรรค์
►หนังสือทั่วไป:l:General Books
บนชั้น

รายการใกล้เคียง
    ผู้แต่ง [คนึงนิจ กิ่งเพชร]

    หัวเรื่อง [ต่อมธัยรอยด์, เนื้องอก]
    หัวเรื่อง [ต่อมธัยรอยด์, โรค]
    หัวเรื่อง [ต่อมไทรอยด์, เนื้องอก]

BibComment


ยังไม่เคยถูกคอมเมนท์

คอมเมนท์ทรัพยากรรายการนี้
  คอมเมนท์: มะเร็งต่อมไทรอยด..


 Copyright 2026. Bcnsprnw @Library